000
00323nam a2200121Ia 4500
008
180117s9999 xx 000 0 und d
100
_a
by Margie Quimpo-Espino
245
_a
EDSA from Various Vantage Points
260
_c
2017
300
_a
22-25 pages, 2017 February 19
440
_a
Philippine Panorama
650
_a
EDSA
999
_c
353429
_d
353429